| 000 | 00678nam a2200241Ia 4500 | ||
|---|---|---|---|
| 005 | 20230605103513.0 | ||
| 008 | 131103s9999 xx 000 0 und d | ||
| 040 | _aLoreto College | ||
| 041 | _aEnglish | ||
| 082 |
_a940.14 _bGAN |
||
| 100 | _aGanshof,F.L. | ||
| 245 |
_aFeudalism _cF.L.Ganshof;translated by Philip Grierson;with a foreword by F.M.Stenton |
||
| 250 | _a3rd English ed. | ||
| 260 |
_aLondon _bLongman _c1964 |
||
| 300 | _axxvi,170 p. | ||
| 504 | _aIncludes bibliographical references | ||
| 630 | _aEurope - Medieval History | ||
| 650 | _aMedieval History | ||
| 651 | _aFeudalism | ||
| 700 | _aGrierson,Philip;tr. | ||
| 850 | _aLCLIB | ||
| 942 | _cBK | ||
| 999 |
_c3940 _d54419 |
||